| 000 | 00663nam a22002177a 4500 | ||
|---|---|---|---|
| 999 |
_c15049 _d15049 |
||
| 003 | AR-CdUCM | ||
| 008 | 190425b ||||| |||| 00| 0 spa d | ||
| 040 |
_aMUNICIPALIDAD PROVINCIAL DEL CUSCO _cBIBLIOTECA MUNICIPAL DEL CUSCO |
||
| 082 |
_aPI / 808.06 / _bT61 |
||
| 100 |
_aThomas, Valerie _933452 |
||
| 245 | _aWinnie y la calabaza gigante / | ||
| 260 |
_aMéxico : _bOceano, _c2016. |
||
| 300 |
_bIlustraciones, _c28 cm. |
||
| 500 | _aNo cuenta con numeración de paginas | ||
| 650 |
_aMagia _920651 |
||
| 650 |
_aCalabaza mágica _934063 |
||
| 650 |
_aInfantil _96210 |
||
| 700 |
_aPaul, Korky _934064 |
||
| 942 |
_2ddc _cLIBROS |
||
| 945 |
_adavv _d25/04/2019 |
||